Loading...
| Fine Arts - Painting and Sculpture | 0 | 5 | 0 | 1 | 50 | 78 | 107.80 | 0 | 1 | 7.52 | 13.64 |
| Science - Physics | 0 | 4 | 0 | 1 | 40 | 48 | 97.75 | 1 | 1 | 5.63 | 11.36 |
| History - Other | 0 | 3 | 0 | 2 | 30 | 122 | 127.00 | 0 | 0 | 0.00 | 3.41 |
| Science - Other | 0 | 3 | 0 | 0 | 30 | 96 | 116.67 | 0 | 2 | 2.54 | 14.77 |
| History - American | 0 | 3 | 0 | 0 | 30 | 63 | 94.33 | 0 | 1 | 6.07 | 9.09 |
| Philosophy | 0 | 3 | 1 | 2 | 25 | 82 | 112.67 | 1 | 1 | 2.61 | 7.95 |
| Current Events | 0 | 2 | 0 | 0 | 20 | 17 | 28.00 | 1 | 1 | 52.12 | 50.00 |
| Fine Arts - Other | 0 | 2 | 0 | 0 | 20 | 118 | 126.00 | 0 | 0 | 0.00 | 2.27 |
| Religion | 0 | 2 | 0 | 2 | 20 | 105 | 119.50 | 0 | 1 | 0.00 | 5.68 |
| Science - Chemistry | 0 | 2 | 0 | 0 | 20 | 84 | 103.50 | 0 | 0 | 2.56 | 3.41 |
| Literature - American | 0 | 1 | 0 | 0 | 10 | 141 | 141.00 | 0 | 0 | 0.00 | 2.27 |
| Other Academic | 0 | 1 | 0 | 1 | 10 | 125 | 125.00 | 0 | 1 | 0.00 | 3.13 |
| History - European | 0 | 1 | 0 | 0 | 10 | 114 | 114.00 | 0 | 1 | 0.00 | 3.41 |
| Geography | 0 | 1 | 0 | 1 | 10 | 124 | 124.00 | 0 | 0 | 0.00 | 6.25 |
| Literature - European | 0 | 1 | 0 | 0 | 10 | 131 | 131.00 | 0 | 0 | 0.00 | 1.14 |
| Fine Arts - Classical Music | 0 | 1 | 0 | 0 | 10 | 112 | 112.00 | 0 | 0 | 0.00 | 1.14 |
| Science - Biology | 0 | 2 | 3 | 0 | 5 | 73 | 75.00 | 1 | 1 | 5.41 | 13.64 |
| Mythology | 0 | 1 | 3 | 0 | -5 | 121 | 121.00 | 0 | 0 | 0.22 | 2.27 |